<?xml version="1.0" encoding="UTF-8"?>
<record
    xmlns:xsi="http://www.w3.org/2001/XMLSchema-instance"
    xsi:schemaLocation="http://www.loc.gov/MARC21/slim http://www.loc.gov/standards/marcxml/schema/MARC21slim.xsd"
    xmlns="http://www.loc.gov/MARC21/slim">

  <leader>02162agaaa2200349   4500</leader>
  <controlfield tag="001">9236</controlfield>
  <controlfield tag="003">IT-RoPAU</controlfield>
  <controlfield tag="005">20220918181233.0</controlfield>
  <controlfield tag="007">d cvaizq</controlfield>
  <controlfield tag="008">50131s9999||||xx ||| |     ||   ||und||</controlfield>
  <datafield tag="040" ind1=" " ind2=" ">
    <subfield code="a">IT-RoPAU</subfield>
    <subfield code="c">IT-RoPAU</subfield>
  </datafield>
  <datafield tag="041" ind1=" " ind2=" ">
    <subfield code="a">ITALIANO</subfield>
  </datafield>
  <datafield tag="100" ind1=" " ind2=" ">
    <subfield code="a">Tavernier Bertrand</subfield>
    <subfield code="g">Codice regista SPICS: 1653</subfield>
    <subfield code="9">41852</subfield>
  </datafield>
  <datafield tag="130" ind1=" " ind2=" ">
    <subfield code="a">ESCA (L')</subfield>
    <subfield code="9">41853</subfield>
  </datafield>
  <datafield tag="240" ind1=" " ind2=" ">
    <subfield code="a">APPAT (L')</subfield>
    <subfield code="g">T2995</subfield>
  </datafield>
  <datafield tag="245" ind1=" " ind2=" ">
    <subfield code="a">ESCA (L')</subfield>
    <subfield code="c">Sceneggiatura: Tavernier-O'Hagan Colo Tavernier Bertrand -- Diretto da: Tavernier Bertrand</subfield>
    <subfield code="p">ESCA (L') (Rif. Codice opera principale : D9236)</subfield>
  </datafield>
  <datafield tag="246" ind1=" " ind2=" ">
    <subfield code="a">APPAT (L')</subfield>
  </datafield>
  <datafield tag="250" ind1=" " ind2=" ">
    <subfield code="a">Edizione Standard</subfield>
  </datafield>
  <datafield tag="260" ind1=" " ind2=" ">
    <subfield code="a">(FRANCIA)</subfield>
    <subfield code="b">N.d. / </subfield>
    <subfield code="g">"1995 (1&#xB0; ed.: 1996 ; Ed. Lingua Orig.: 1995)"</subfield>
  </datafield>
  <datafield tag="300" ind1=" " ind2=" ">
    <subfield code="a">VHS</subfield>
    <subfield code="b">sonoro, col.</subfield>
    <subfield code="c">117 minuti</subfield>
  </datafield>
  <datafield tag="508" ind1=" " ind2=" ">
    <subfield code="a">"Fotografia: Choquart Alain; Musica: Haim Philippe; Sceneggiatura: Tavernier-O'Hagan Colo Tavernier Bertrand; Scenografia: Ghigo Emile; Soggetto: Tavernier-O'Hagan Colo -- Tavernier Bertrand"</subfield>
  </datafield>
  <datafield tag="511" ind1=" " ind2=" ">
    <subfield code="a">"Gillain Marie; Sitruk Olivier; Putzulu Bruno; Courau Clotilde; Ravel Marie"</subfield>
  </datafield>
  <datafield tag="520" ind1=" " ind2=" ">
    <subfield code="a">TRATTO DAL ROMANZO DI MORGAN SPORTES E' ISPIRATO AD UN FATTO DI CRONACA ACCADUTO IN FRANCIA NEL 1984. PROTAGONISTI TRE GIOVANI DI BUONA FAMIGLIA DUE RAGAZZI E UNA RAGAZZA CHE PER PROCURARSI RAPIDAMENTE DEL DENARO E REALIZZARE LE LORO ASPIRAZIONI DECIDONO DI RAPINARE ALCUNI RICCHI CONOSCENTI DELLA RAGAZZA. GLI IMPROVVISATI DELINQUENTI SCIVOLANO CON AGGHIACCIANTE NATURALEZZA DAL FURTO ALL'OMICIDIO TORTURANDO E ASSASSINANDO LE LORO VITTIME. RITRATTO DI UNA GIOVENTU' DORATA PRIVA DI VALORI E PUNTI DI RIFERIMENTO. LA SOCIETA' MODERNA LEGATA AI MASS MEDIA, ALLA RICCHEZZA E AL SUCCESSO GENERA TALI MOSTRI.</subfield>
  </datafield>
  <datafield tag="538" ind1=" " ind2=" ">
    <subfield code="a">PAL, STEREO</subfield>
  </datafield>
  <datafield tag="546" ind1=" " ind2=" ">
    <subfield code="a">ITALIANO</subfield>
  </datafield>
  <datafield tag="650" ind1=" " ind2=" ">
    <subfield code="a">DRAMMATICO</subfield>
    <subfield code="e">FILMS [VHS]</subfield>
    <subfield code="x">Codice MATERIA SPICS: 9960</subfield>
    <subfield code="9">34083</subfield>
  </datafield>
  <datafield tag="700" ind1=" " ind2=" ">
    <subfield code="a">Haim Philippe</subfield>
    <subfield code="e">(musica)</subfield>
    <subfield code="g">Codice Musica SPICS: 46602</subfield>
    <subfield code="9">41854</subfield>
  </datafield>
  <datafield tag="700" ind1=" " ind2=" ">
    <subfield code="a">Tavernier Bertrand </subfield>
    <subfield code="e">(regista)</subfield>
    <subfield code="g">Codice regista SPICS: 1653</subfield>
    <subfield code="9">41855</subfield>
  </datafield>
  <datafield tag="700" ind1=" " ind2=" ">
    <subfield code="a">Tavernier Bertrand </subfield>
    <subfield code="e">(soggetto)</subfield>
    <subfield code="g">Codice Soggetto 2&#xB0; SPICS: 1653</subfield>
    <subfield code="9">41856</subfield>
  </datafield>
  <datafield tag="700" ind1=" " ind2=" ">
    <subfield code="a">Tavernier-O'Hagan Colo </subfield>
    <subfield code="e">(soggetto)</subfield>
    <subfield code="g">Codice Soggetto SPICS: 36680</subfield>
    <subfield code="9">41857</subfield>
  </datafield>
  <datafield tag="942" ind1=" " ind2=" ">
    <subfield code="c">VH</subfield>
    <subfield code="2">ddc</subfield>
  </datafield>
  <datafield tag="999" ind1=" " ind2=" ">
    <subfield code="c">105515</subfield>
    <subfield code="d">105515</subfield>
  </datafield>
  <datafield tag="952" ind1=" " ind2=" ">
    <subfield code="0">0</subfield>
    <subfield code="1">0</subfield>
    <subfield code="4">0</subfield>
    <subfield code="6">D_9236_000000000000000</subfield>
    <subfield code="7">1</subfield>
    <subfield code="a">SPICS</subfield>
    <subfield code="b">SPICS</subfield>
    <subfield code="d">2015-01-31</subfield>
    <subfield code="l">0</subfield>
    <subfield code="o">D9236</subfield>
    <subfield code="r">2015-01-31 00:00:00</subfield>
    <subfield code="w">2015-01-31</subfield>
    <subfield code="y">VH</subfield>
    <subfield code="z">Progr. Ins.: 706 / N.Vol.:1 / Copie: 1 / Pag.: / Copia rara: n.d. / date import: 1.2.2015 / By Epidotti, Trombetti, Vaglietti</subfield>
  </datafield>
</record>
